| 000 | 00610nam a22001697a 4500 | ||
|---|---|---|---|
| 005 | 20251108165002.0 | ||
| 008 | 250721s1976 xx 000 0 ara d | ||
| 082 | 1 | 4 | _a216/عبد |
| 100 | 1 | _aالصابوني، عبد الرحمن | |
| 245 | 1 | 0 |
_aالمدخل لدراسة التشريع الإسلامي : _bمصادره -أدواره التاريخيه - قواعده الكليه - بعض نظرياته العامة / |
| 264 | 1 |
_aدمشق : _bجامعة دمشق، _c1976. |
|
| 300 | _a2ج | ||
| 650 | 1 | 7 | _aالإسلام |
| 650 | 1 | 7 | _aالفقه الإسلامي |
| 942 |
_2ddc _cBK |
||
| 999 |
_c19120 _d19120 |
||